Cronica anglosajona (fragmentos) /
Guardado en:
| Formato: | Libro |
|---|---|
| Publicado: |
Buenos Aires :
Fac. Filosofia Y Letras, Uba.,
1960
|
| Series: | Historia Social, 7traduccion directa de "the anglo-saxon chronicle", translated by the rev. James Ingram, Everyman's Library.-
|
| Materias: | |
| Etiquetas: |
Agregar Etiqueta
Sin Etiquetas, Sea el primero en etiquetar este registro!
|
| LEADER | 00567nam a22001575a 4500 | ||
|---|---|---|---|
| 001 | EHU.bham024697 | ||
| 003 | AR-BHAM | ||
| 005 | 20130507154513.0 | ||
| 008 | 130507s1960##################000#0#####d | ||
| 082 | 9 | 0 | |a 900 |
| 245 | 0 | 0 | |a Cronica anglosajona (fragmentos) / |
| 260 | |a Buenos Aires : |b Fac. Filosofia Y Letras, Uba., |c 1960 | ||
| 300 | |a 2 p. | ||
| 490 | 0 | |a Historia Social, 7traduccion directa de "the anglo-saxon chronicle", translated by the rev. James Ingram, Everyman's Library.- | |
| 653 | |a Historia | ||
| 859 | |a AR-BHAM |b BIB. HUMANIDADES - General |h 900 |i H629 |p 763.64 |t Ej.1 |v 7 |3 7 | ||
